000
00273nam a22001217a 4500
008
181121b xxu||||| |||| 00| 0 eng d
041
_a
eng
080
_a
615
100
_a
5
101
_a
FAR
245
_a
Handbook of Practical Pharmacology
_c
Ryan,Sh.A
942
_2
udc
_c
BK
999
_c
52267
_d
52267